Čs. štátne kúpele Piešťany Liečebný dom Balnea Palace : Napoleonské kúpele : liečebné domy Balnea Grand a Balnea Splendid : Liečebný dom Balnea Esplanade

Zobrazenie: Na striebornom podklade v oranžovobielom orámovaní pohľady na liečebné domy a Napoleonské kúpele ponad tulipánový záhon

Bibliographic Details
Other Authors: Vrbovský, František (fotograf) (Photographer), Šmátrala, Milan (fotograf) (Photographer)
Format: Photo
Language:Slovak
PhysicalDescription:1 pohľadnica (4 čiastkové pohľady) farebná 11 x 15 cm
Published: Bratislava Pravda 1989
Subjects:

MARC

LEADER 00000ckm a2200000 a 4500
001 vtls001204967
003 SK-MaSNL
005 20260331203207.0
007 kf co
008 230718s1989 xo g 0kuslo
015 |a SNBG1989 
035 |a SNK000148037 
035 |a urn:nbn:sk:snk-km3lvwx 
035 |a EE9AAB05-970A-4C12-833E-7E8B3132022C 
035 |a urn:nbn:sk:snk-km00drrt 
040 |a SNK  |b slo  |c SNK  |e AACR2 
041 0 |a slo 
043 |a e-xo--- 
044 |a xo  |c SK 
072 7 |a 913  |x Regionálna geografia  |2 konspekt 
080 |a 913(437.6)  |2 2011 
080 |a (084.121)  |2 2011 
080 |a 711.455:615.838  |2 2011 
080 |a 615.838  |2 2011 
080 |a 614.2:[725.1:614.21]  |2 2011 
100 1 |a Vrbovský, František  |c (fotograf)  |4 pht  |9 283300 
245 1 0 |a Čs. štátne kúpele Piešťany  |h grafika  |b Liečebný dom Balnea Palace : Napoleonské kúpele : liečebné domy Balnea Grand a Balnea Splendid : Liečebný dom Balnea Esplanade  |c foto František Vrbovský, Milan Šmátrala 
246 1 |i Názov na obrazovej časti:  |a Piešťany 
260 |a Bratislava  |b Pravda  |c 1989 
300 |a 1 pohľadnica (4 čiastkové pohľady)  |b farebná  |c 11 x 15 cm 
520 8 |a Zobrazenie: Na striebornom podklade v oranžovobielom orámovaní pohľady na liečebné domy a Napoleonské kúpele ponad tulipánový záhon 
610 2 7 |a Československé štátne kúpele (Piešťany, Slovensko)  |2 SNKKA  |9 101069 
650 0 7 |a kúpele  |2 SNKPH  |9 1139 
650 0 7 |a liečebne  |2 SNKPH  |9 56920 
650 0 7 |a balneoterapia  |2 SNKPH  |9 1141 
651 7 |a Piešťany (Slovensko)  |2 SNKPHgeo  |9 23981 
655 7 |a miestne pohľadnice  |2 SNKPH  |9 70510 
700 1 |a Šmátrala, Milan  |c (fotograf)  |4 pht  |9 164919 
852 |a Slovenská národná knižnica 
954 |a pohľadnice pôvodné (slovenské)  |2 lita 
958 |a GBN 
958 |a TL 
958 |a GC 
958 |a OND 
958 |a EUIPO 
999 |c 1204693  |d 1206623 
952 |a SNK  |b SNK  |y PREZ  |7 0  |p 17A1289567  |o snkSP 141506  |i snk499/90  |0 0  |1 0  |4 0  |d 2018-11-09  |f 1  |l 0  |r 2026-02-24 22:53:51  |w 2026-02-24 
952 |a SNK  |b SNK  |y PREZ  |7 0  |p 17A1289566  |o snkSP 141506 D1  |i snk500/90  |0 0  |1 0  |4 0  |d 2018-11-09  |l 0  |r 2026-02-24 22:53:51  |w 2026-02-24